| 000 | 00729nam a22001577a 4500 | ||
|---|---|---|---|
| 041 | _ager | ||
| 080 | _a81 | ||
| 090 | _bBRA | ||
| 100 | _aIngeborg Braa, Sigrid Kumm | ||
| 245 | _aStädteporträt Berlin. Quellenheft und Textheft | ||
| 260 |
_aBonn _bInter Nationes _c1991 |
||
| 300 | _a72 | ||
| 520 |
_aDas Städteporträt beginnt mit einer Darstellung der Geschichte Berlins, weil alles Heutige seine Wurrzeln im Gestern hat und ohne Kenntnis des Vergangenen nicht zu verstehen ist.
Dieses Kurs besteht aus:
1. Quellenheft
2. Textheft
3. 51 Dias
4. 1 Kassette
Передано в кабінет німецької мови (ауд.№30) _0Berlin, Städteporträt, Vergangenheit, Zukunft |
||
| 650 | _aGerman | ||
| 999 |
_c283805 _d283805 |
||
| 942 | _cBK | ||